00374nam a2200145Ia 4500008004100000020001800041082001500059100001500074245003900089250000600128260003900134300001600173500002400189650001500213230524s9999 xx 000 0 und d a9789384588212 a621.3bRAO aK. Uma Rao 0aElements of Electrical Engineering a1 aNew DelhibI.K.Internationalc2015 a"VII,225p:" aQuantity Number: 1 aElectrical